Brawl Stars Gadgets/Starpowers to Brawlers - Statistics

General Stats
  • This quiz has been taken 29 times
  • The average score is 12 of 16
Answer Stats
Picture Answer % Correct
Draco
92%
Otis
88%
Squeak
85%
Byron
81%
Buster
77%
Frank
77%
Shade
77%
Belle
73%
Chester
73%
Jacky
73%
Cordelius
69%
Pearl
69%
R-T
65%
R-T
65%
Meg
50%
Alli
38%
No matching quizzes found
Score Distribution
Percent of People with Each Score
Percentile by Number Answered
Your Score History
You have not taken this quiz